Frenetic Foreign Phrases Quiz Stats

 Plays Quiz Updated Jul 7, 2012

Challenge
Share
Tweet
Embed
Score 0/42 Timer 08:00
2 Plays Today
% Correct
déjà vu (French)
96.9%
fiesta (Spanish)
91.3%
que será será (Spanish)
90%
eureka (Greek)
89.8%
c’est la vie (French)
89.7%
haiku (Japanese)
89.3%
en route (French)
88.7%
par avion (French)
87.7%
doppelgänger (German)
86.7%
mano a mano (Spanish)
85.4%
faux pas (French)
84.9%
fiasco (Italian)
84.7%
haute couture (French)
84.1%
crème de la crème (French)
83.6%
hakuna matata (Swahili)
83.1%
incognito (Latin)
82.4%
bona fide (Latin)
81.5%
carte blanche (French)
80.9%
dolce vita (Italian)
80.8%
mazel tov (Yiddish)
80.4%
mea culpa (Latin)
80.3%
% Correct
al fresco (Italian)
79.2%
née (French)
79%
guru (Sanskrit)
78.9%
ad lib (Latin)
78.2%
verboten (German)
73.5%
summa cum laude (Latin)
73.3%
mantra (Sanskrit)
72.5%
tête-à-tête (French)
72.4%
nom de plume (French)
71%
gulag (Russian)
69.2%
shtick (Yiddish)
68.9%
tabula rasa (Latin)
68.7%
karaoke (Japanese)
67.2%
wanderlust (German)
65.2%
hubris (Greek)
64.4%
kismet (Turkish)
59.4%
liebchen (German)
55.5%
pied-à-terre (French)
54.3%
gesundheit (German)
53.8%
hoi polloi (Greek)
52.9%
maven (Yiddish)
49%

You're not logged in!

Compare scores with friends on all Sporcle quizzes.
OR
Log In

You Might Also Like...

Show Comments

Extras

Top Quizzes Today


Score Distribution

Your Account Isn't Verified!

In order to create a playlist on Sporcle, you need to verify the email address you used during registration. Go to your Sporcle Settings to finish the process.

Report this User

Report this user for behavior that violates our Community Guidelines.

Details: